000
00307nam a2200133Ia 4500
100
_a
Lee/Lamar & Dobler/D.W
942
_c
BK
654
_a
Management
245
_a
Purchasing & Materials Management
260
_b
Tata Mc Graw hill
_a
NewDelhi
_c
1974
082
_a
658.7
300
_a
850
546
_a
ENGLISH
999
_c
32441
_d
32441